Štúdium sorpcie niektorých kovov na vybraných druhoch zeolitov

Bibliographic Details
Main Authors: Chmielewská, Eva, 1954- (Author), Lesný, Juraj, 1946- (Author)
Format: Article
Language:Slovak
PhysicalDescription:Obr. 6, tab. 4, res. angl., lit. 10 zázn. v slov.
ISSN:0369-2086
Subjects:

MARC

LEADER 00000nab a2200000 a 4500
001 vtls000475274
003 SK-MaSNL
005 20260304213442.0
008 230223c1992 xo 0 slo
015 |a SNBRB19rr/mm-uuuuu 
035 |a CL0475408 
035 |a (urnnbn)urn:nbn:sk:snk:ar-005iwa 
035 |a (uuid)b5801b87-0749-4b60-8257-a04e46fb46ec 
035 |a urn:nbn:sk:snk-ab7zgc 
040 |a SNKBUCL  |b slo  |c SNKBUCL  |e AACR2 
041 0 |a slo 
044 |a xo  |c SK 
080 |a 549.67:546.3  |2 1981 
080 |a 546.3  |2 1981 
100 1 |a Chmielewská, Eva,  |d 1954-  |4 aut  |9 12612 
245 1 0 |a Štúdium sorpcie niektorých kovov na vybraných druhoch zeolitov  |c Eva Chmielewská-Horváthová, Juraj Lesný 
300 |b Obr. 6, tab. 4, res. angl., lit. 10 zázn. v slov. 
650 0 7 |a zeolity  |2 snkbucl  |9 15712 
650 0 7 |a kovy  |2 snkbucl  |9 16608 
655 7 |a články z novín a časopisov  |2 snkbucl  |9 267496 
700 1 |a Lesný, Juraj,  |d 1946-  |4 aut  |9 5802 
773 0 |t Mineralia slovaca  |g Roč. 24, č. 5-6 (1992), s. 427-432  |x 0369-2086 
850 |a Slovenská národná knižnica v Martine  |a MTA001 
852 |a SNK  |b KIS3GCP 
954 |a odborná, vedecká literatúra pôvodná (slovenská)  |2 lita 
958 |a NB 
958 |a RK 
958 |a OND 
958 |a EUIPO 
958 |a article9 
992 |a RBX 
999 |c 3136039  |d 3137969